MARC

Tag First Indicator Second Indicator Subfields
LEADER 00000cam a2200000 i 4500
001 in00000816639
005 20151018114850.0
008 800620s1980 dcua b f00010 eng d
010 |a gp 80019067  
020 |c pbk. 
035 |a (OCoLC)06450347 
035 |9 ADV0102AM 
037 |b 22161 
040 |a CBT  |c CBT  |d GPO  |d MvI-ran  |d UtOrBLW 
074 |a 982-G-11 
086 0 |a TD 2.30:80/502 
100 1 |a Ross, Hayes E. 
245 1 0 |a Crash tests of small highway sign supports /  |c Hayes E. Ross, Jr., Kenneth C. Walker, and Michael J. Effenberger. 
264 1 |a Washington :  |b Dept. of Transportation, Federal Highway Administration, [Office of Development], Implementation Division ;  |c 1980. 
264 2 |a Springfield, Va. :  |b For sale by National Technical Information Service, 
300 |a xv, 295 pages :  |b illustrations ;  |c 28 cm. 
336 |a text  |b txt  |2 rdacontent 
337 |a unmediated  |b n  |2 rdamedia 
338 |a volume  |b nc  |2 rdacarrier 
490 1 |a Report - Federal Highway Administration ; no. FHWA/RD-80/502 
500 |a Prepared for Federal Highway Administration, Offices of Research & Development, Implementation Division. 
500 |a Contract Number DOT-FH-11-8821. 
500 |a Interim report, May 1980. 
504 |a Includes bibliographical references. 
650 0 |a Traffic signs and signals  |z United States  |x Testing. 
700 1 |a Walker, Kenneth Charles,  |d 1956- 
700 1 |a Effenberger, Michael J. 
710 1 |a United States.  |b Federal Highway Administration.  |b Implementation Division. 
810 1 |a United States.  |b Federal Highway Administration.  |t Report ;  |v no. FHWA/RD-80/502. 
999 |a MARS 
999 f f |s da8f82a6-a821-3173-b481-ad36a50b7576  |i e918cf47-e37e-3b0e-bb32-d0d8fb8eb38d  |t 0 
952 f f |p normal  |a Texas A&M University  |b College Station  |c Sterling C. Evans Library  |d Evans: US Documents (Annex 5th floor)  |t 0  |e TD 2.30: 80/502  |h Superintendent of Documents classification  |i unmediated -- volume  |m A14817849030 
998 f f |a TD 2.30: 80/502  |t 0  |l Evans: US Documents (Annex 5th floor)